000 00538nam a2200145Ia 4500
008 190228s9999 xx 000 0 und d
020 _a9781119428244
100 _aCraig, Reed W.
245 _cReed W. Craig.--
_aThe 7 secrets of neuron leadership :
_bwhat top military commancers, neuroscientists, and the ancient greeks teach us about inspiring teams /
260 _aNew Jersey :
_bJohn Willey & Sons
_c2018
300 _axix, 284 pages.
500 _aIncludes indexes.
650 _aHuman Resourse Management.
650 _aLeadership.
999 _c361330
_d361330